00655nam a2200205 i 4500003000900000005001700009007000300026008004100029040003000070082001300100110002700113240001700140245008400157264005500241300002500296336002700321337003300348338002800381500004000409DO-SdBNP20230926104228.0ta140217s2003 dr 000 0 spa d aDO-SdBNPbspacBNPHUerda bR426222 aRepública Dominicana10a[leyes,etc.]10aLey No. 137-03 :bsobre tráfico ilícito de migrantes y trata de personas / 1aSanto Domingo :b[editor no identificado], c2003. a12 páginasc21 cm. 2rdacontentatextobtxt 2rdamediaasin mediaciónbn 2rdacarrieravolumenbnc aPromulgada el 7 de agosto del 2003.